El sistema financiero chileno. Crisis, recuperación y desafíos.

Po dlhom procese tvrdej reštrukturalizácie je dnešná čílska ekonomika zdravá a vykazuje stabilný rast. Veľká časť podnikov je privatizovaných, posiľuje sa export. Cieľ: vyrovnaný proces rastu, akcent na investície, väčšia integrovanosť do svetovej ekonómie.

Gespeichert in:
Bibliographische Detailangaben
1. Verfasser: Sanfuentes, A.
Format: Buchkapitel
Sprache:Spanisch
Schlagworte:
Tags: Tag hinzufügen
Keine Tags, Fügen Sie das erste Tag hinzu!

MARC

LEADER 00000naa a2200000 4500
001 r007011
005 20221208122335.5
041 0 |a spa 
044 |a MX 
245 1 0 |a El sistema financiero chileno.  |b Crisis, recuperación y desafíos.  |c A. Sanfuentes 
520 |a Po dlhom procese tvrdej reštrukturalizácie je dnešná čílska ekonomika zdravá a vykazuje stabilný rast. Veľká časť podnikov je privatizovaných, posiľuje sa export. Cieľ: vyrovnaný proces rastu, akcent na investície, väčšia integrovanosť do svetovej ekonómie. 
610 2 0 |a zmeny štruktúrne 
610 2 0 |a Čile 
610 2 0 |a rast hospodársky 
610 2 0 |a privatizácia 
610 2 0 |a vývoz 
610 2 0 |a investície 
610 2 0 |a integrácia ekonomická medzinárodná 
610 2 0 |a sústava finančná 
100 1 |a Sanfuentes, A.